| 000 | 00510cam a22001457a 4500 | ||
|---|---|---|---|
| 008 | 180718b1993 xxu||||| |||| 00| 0 eng d | ||
| 082 | _aF5x581 M369 | ||
| 245 |
_aAfghanistan and the frontier _cedited by Fazal-ur-Rahima Marwat and Sayed Wiqar Ali Shah Kakakhel |
||
| 260 |
_aPakistan _bEmjay Books International _c1993 |
||
| 300 | _a321p. | ||
| 650 | _aAfganistan - History | ||
| 650 | _aAfganistan - Government and Politics | ||
| 700 | _aKakakhel, Wiqar Ali Shah, ed. | ||
| 700 | _aMarwat, Fazal-ur-Rahim, ed. | ||
| 999 |
_c376823 _d376823 |
||